Optimalizácia spotreby tepla a chladu mliekarne

Gespeichert in:
Bibliographische Detailangaben
1. Verfasser: Čapliarová, Terézia (Verfasst von)
Weitere Verfasser: Janošovský, Ján (Betreuung Doktorarbeit)
Format: Manuskript Buch
Sprache:Slowakisch
Veröffentlicht: 2019
Schlagworte:
Online-Zugang:http://is.stuba.sk/zp/portal_zp.pl?podrobnosti=135848
Tags: Tag hinzufügen
Keine Tags, Fügen Sie das erste Tag hinzu!

MARC

LEADER 00000ntm a22000003a 4500
001 stuzp74221
003 SK-STU
005 20190622211545.3
007 ta
008 150427s2015----xo-----f-mn---000-0-slo-d
040 |a STU  |b slo 
041 0 |a slo 
100 1 |a Čapliarová, Terézia  |u 046230  |4 aut  |U FCHPT Ústav chemického a environmentálneho inžinierstva  |T FCHPT Oddelenie chemického a biochemického inžinierstva  |X 86830  |U C6230  |Y 119  |7 86830 
242 0 1 |a Dairy Plant Heating and Cooling Optimisation  |y eng 
245 1 0 |a Optimalizácia spotreby tepla a chladu mliekarne 
260 |c 2019 
650 4 |a doskové výmenníky tepla  |2 slo 
650 4 |a pasterizácia  |2 slo 
650 4 |a parné kotle  |2 slo 
650 4 |a rekuperácia  |2 slo 
650 4 |a plate heat exchanger  |2 eng 
650 4 |a pasteurization  |2 eng 
650 4 |a steam boiler  |2 eng 
650 4 |a recovery  |2 eng 
700 1 |a Janošovský, Ján  |u 046230  |k Z1  |4 ths  |U FCHPT Ústav chemického a environmentálneho inžinierstva  |T FCHPT Oddelenie chemického a biochemického inžinierstva  |X 69326  |U C6230  |Y 119  |7 69326 
856 4 |u http://is.stuba.sk/zp/portal_zp.pl?podrobnosti=135848